000 00725cam a2200193 a 4500
001 000013898
005 20250710115845.0
008 850226s1965 es 001 0 spa
040 _aDO-SdBNP
_bspa
_cCarP
_dDLC
_dBNPHU
082 _a340.1
_bC837L
100 1 _aLópez Calera, Nicolás María.
_d1938-
_931491
245 1 0 _aJoaquín Costa, filósofo del derecho /
_cNicolás María López Calera.
260 _aZaragosa, (España) :
_bConsejo Superior de Investigaciones Científicas, Institución "Fernando El Católico",
_c1965.
300 _a220 p. ;
_c24 cm.
650 0 _aDerecho
_xFilosofía
_930722
600 1 4 _aCOSTA, JOAQUÍN
_d1846-1911
_931492
910 _aCatalogación por copia / LC
999 _a1
_n0000195
_c13503
_d13503
049 _aBNGR